MDQL
is popping MORE tags! Check the
thread
!
Quizzes
Events
Quiz Creation
Community
Videos
Private Events
Remove Ads
Sign In
Join for FREE
Feedback
Dark Mode
Quiz Categories
Sports
Geography
Music
Movies
Television
Just For Fun
Miscellaneous
History
Literature
Language
Science
Gaming
Entertainment
Religion
Holiday
For Kids
Quiz Lab
Recent
Popular Today
Quiz Kudos Today
Editor Picks
Curator Picks
Quizzes by...
Day
Popularity
Type
Ratings
Length
Year
Community
Subscriptions
Recent Discussions
Orange Saloon
Badges
Playlists
Quests
Create
Leaderboards
Showdown
Live 5
Trivia Bingo
Activity
Puzzle Library
Sporcle Events
Private Events
Virtual Trivia
Globe League
Become a Host
Pub Owners
SporcleCon
Opinionation
Our Games
Videos
Blog
Mobile Apps
Partnerships
Remove Ads and Go Orange
Feedback
Miscellaneous
Crossword
General Knowledge
Baby Names
Logo
Food
Cars
Numbers
Grab Bag
University
College
Popular
Company
Slogans
Restaurants
Justice
Letter
Miscellaneous
Crossword
General Knowledge
Baby Names
Logo
Food
Cars
Numbers
Grab Bag
University
College
Popular
Company
Slogans
Restaurants
Justice
Letter
Random Quiz
Search Sporcle
×
Quiz Lab
Quiz Lab
Miscellaneous
Pokémon
Type in answers that appear in a list
Type in answers that appear in a list
Classic
Best Score? Go Orange.
Pokemon Alola Pokedex Stats
Twoim zadaniem jest wypełnienie całego Alolańskiego pokedexu.
By
kubajed26
15m
86 Questions
70 Plays
70 Plays
70 Plays
Comments
Comments
Give Quiz Kudos
Give Quiz Kudos
-
- Ratings
hide this ad
Replay
Link that replays current quiz
Next Quiz
Link to next quiz in quiz playlist
You Got
0%
They Got
Avg Score
35%
Avg Friend Score
Upgrade to see
Score Distribution
Jump to the score distribution portion of the page
Score
0/86
Timer
15:00
0
Plays Today
Dex
Pokemon
% Correct
#722
Rowlet
88.6%
#728
Popplio
84.3%
#725
Litten
82.9%
#730
Primarina
81.4%
#724
Decidueye
80%
#727
Incineroar
78.6%
#723
Dartrix
77.1%
#726
Torracat
77.1%
#729
Brionne
77.1%
#731
Pikipek
68.6%
#732
Trumbeak
68.6%
#733
Toucannon
65.7%
#735
Gumshoos
64.3%
#734
Yungoos
60%
#797
Lunala
60%
#796
Solgaleo
58.6%
#738
Vikavolt
52.9%
#747
Rockruff
50%
#736
Grubbin
48.6%
#799
Buzzwole
48.6%
#805
Necrozma
47.1%
#737
Charjabug
45.7%
#794
Cosmog
42.9%
#804
Guzzlord
42.9%
#795
Cosmoem
41.4%
#798
Nihilego
41.4%
#803
Kartana
41.4%
#790
Tapu Koko
40%
#791
Tapu Lele
40%
Dex
Pokemon
% Correct
#783
Mimikyu
38.6%
#792
Tapu Bulu
38.6%
#793
Tapu Fini
38.6%
#807
Marshadow
38.6%
#759
Lurantis
37.1%
#758
Fomantis
35.7%
#766
Bounsweet
35.7%
#767
Steenee
35.7%
#768
Tsareena
35.7%
#789
Kommo-o
35.7%
#782
Togedemaru
32.9%
#787
Jangmo-o
32.9%
#801
Xurkitree
32.9%
#753
Toxapex
31.4%
#740
Crabominable
30%
#754
Mudbray
30%
#785
Drampa
30%
#788
Hakamo-o
30%
#752
Mareanie
28.6%
#770
Oranguru
28.6%
#746
Ribombee
27.1%
#757
Araquanid
27.1%
#765
Bewear
27.1%
#781
Turtonator
27.1%
#756
Dewpider
25.7%
#762
Salandit
25.7%
#763
Salazzle
25.7%
#764
Stufful
25.7%
#772
Wimpod
25.7%
Dex
Pokemon
% Correct
#784
Bruxish
25.7%
#802
Celesteela
25.7%
#806
Magearna
25.7%
#771
Passimian
24.3%
#773
Golisopod
22.9%
#776
Type: Null
22.9%
#777
Silvally
22.9%
#760
Morelull
21.4%
#761
Shiinotic
21.4%
#774
Sandygast
20%
#775
Pyukumuku
20%
#769
Comfey
18.6%
#786
Dhelmise
18.6%
#780
Komala
15.7%
#800
Phermosa
15.7%
#739
Crabawler
11.4%
#755
Mudsale
10%
#748
Lycanroc Midday
8.6%
#742
Oricorio Pom-Pom Style
4.3%
#743
Oricorio P'au Style
4.3%
#744
Oricorio Sensu Style
4.3%
#749
Lycanroc Midnight Form
4.3%
#741
Oricorio Baile Style
2.9%
#745
Cytiefly
2.9%
#750
Wishiwashi Solo Forme
1.4%
#751
Wishiwashi School Forme
1.4%
#778
Minior Meteroite Form
1.4%
#779
Minior Core
1.4%
Quiz Playlist
Details
Report
Send in Message
Add To Playlist
Classic:
Type in answers that appear in a list
Quiz Source
Last Updated: Sep 11, 2017
Quiz Scoreboard
CHALLENGE
Sign Up to Join the Scoreboard
Show All
Scores
Hide
Comments
May contain spoilers
Recently Published
Find the 'City' Movie
by crazypaving
Movies
60s
5x2 Blitz: Bands
by SL_Kpop136
Music
30s
Colored Red Africa Blitz
by spor1
Geography
30s
More to Explore
Quiz From the Vault
Featured Blog Post
14 Easter Pick-up Lines to Find Eggs With
hide this ad
You Might Also Like...
Tags
Pokémon Quiz
Today's Top Quizzes in Miscellaneous
Browse Miscellaneous
hide this ad
Today's Top Quizzes in Pokémon
Browse Pokémon
Top Contributed Quizzes in Miscellaneous
1
5-to-1: Fast Food
2
The JOE quick-fire general knowledge quiz: Day 174
3
9x9 Crossword: Disney Movie Titles
4
9x9 Crossword: Charlie and the Chocolate Factory
5
9x9 Crossword: 2022 Movies
6
9x9 Crossword: Pixar Movie Titles
7
9x9 Crossword: Actors
8
9x9 Crossword: Flags
9
9x9 Crossword: Mario
10
9x9 Crossword: The Simpsons
Explore More
Trending Topics
Crossword
Anime
Kpop
Marvel
Harry Potter
NBA
Disney
WWE
Puzzle
Soccer
Country
The Office
NFL
Song
Pokémon
hide this ad
More By:
kubajed26
Quiz
Plays
Rating
Category
Featured
Created
Pokemon Alola Pokedex
70
3.00
Miscellaneous
Jul 29, 2017
Go to Creator's Profile
Score Distribution
Quiz Creator Spotlight
kubajed26
Follow
Send a Message
Quizzes Created
-
Created Quiz Play Count
-
More By This Creator
Popular Quizzes Today
1
Colored Red Africa Blitz
2
Find the 'City' Movie
3
Find the US States - No Outlines Minefield
4
5x2 Blitz: Bands
5
The Countries of the World
6
Find the US States
7
Find the Countries of Europe - No Outlines Minefield
8
US States
More Miscellaneous Quizzes
Matthew, Mark, Luke or John
Published
Trending Quizzes
Colored Red Europe Blitz I
Colored Red Africa Blitz II
Colored Red Europe Blitz II
Colored Red Africa Blitz III
Colored Red Europe Blitz III
Recently Updated
How Do You Spell That?
pecheneg
Godzilla Movies
pecheneg
Grab Bag: 4-10 Letters
pecheneg
2024 March Madness Bracket
pecheneg
Famous TV Couples
Peacemaker
Champions League XIs: Real Madrid
pecheneg
Largest US Cities 1790-2010
pecheneg
Rides in Walt Disney World
pecheneg
Most Oscar Losses (Acting)
pecheneg
Beyoncé Albums
pecheneg
Trending Topics
Crossword
Kpop
NBA
Marvel
Anime
Disney
Harry Potter
Song
Country
NFL
Pokémon
WWE
Puzzle
Soccer
The Office
Your Account Isn't Verified!
In order to create a playlist on Sporcle, you need to verify the email address you used during registration. Go to your
Sporcle Settings
to finish the process.
Report this User
Report this user for behavior that violates our
Community Guidelines
.
Details:
Send Report
Go to the Sporcle.com Mobile Site →
Comments